| 000 | 01019nam a22002537a 4500 | ||
|---|---|---|---|
| 005 | 20170124103057.0 | ||
| 010 | _aB-158047 | ||
| 020 | _c100 | ||
| 035 | _aB-158047 | ||
| 037 | _bCen Lib/Ret | ||
| 040 |
_aDPL _bHN |
||
| 082 |
_aक _bसहर |
||
| 100 |
_aसहर, गोपाल _975464 |
||
| 245 |
_aभोर उगे सांझ ढले/ _cगोपाल सहर _bकहानी संकलन |
||
| 246 |
_aBhor uge sanj dhale / _bby Gopal Sahar |
||
| 260 |
_aजयपुर _bम.बी पब्लिशर्स _c2003 |
||
| 270 |
_aमिश्रराज जी सस्ता चांदपोल बाज़ार _bजयपुर |
||
| 300 |
_a91पृ. _c21सेमी(सजिल्द ) |
||
| 650 |
_aहिंदी साहित्य - कहानिया _x _z _975465 |
||
| 650 |
_aहिंदी कहानिया _975466 |
||
| 650 |
_aHindi literature - stories _v _975467 |
||
| 650 |
_aHindi stories _975468 |
||
| 942 |
_2ddc _cHN _hक _mसहर |
||
| 999 |
_c117567 _d117567 |
||